| 000 | 00804nam a22001935i 4500 | ||
|---|---|---|---|
| 001 | 54820 | ||
| 003 | ES-MaACL | ||
| 005 | 20230906163027.0 | ||
| 007 | t| | ||
| 008 | 960730s1867 sp ||||1| spa d | ||
| 100 | 1 |
_aGalán y Sánchez Calvo, Manuel. _953315 |
|
| 245 | 1 | 0 | _aDiscurso leído en la Universidad Central por D. Manuel Galán y Sánchez-Calvo en el acto solemne de recibir la investidura de doctor en la Facultad de Derecho. |
| 260 |
_aMadrid : _b[s.n.], _c1867 ( _fEst. tip. de Estrada Díaz y López) |
||
| 300 |
_a23 p. ; _c23 cm. |
||
| 594 | _aTema del discurso: Examen y juicio crítico de los diversos sistemas acerca del origen de la propiedad. | ||
| 650 | 4 |
_aPropiedad. _916476 |
|
| 710 | 2 |
_aUniversidad Central (Madrid). _bFacultad de Derecho. _97090 |
|
| 852 | 4 |
_aES-MaACL _jT-66-F-7 |
|
| 999 |
_c54820 _d54820 |
||